000 00445nam a2200181Ia 4500
001 4848
005 20260306145824.0
008 260306t2000||||xx |||||||||||||| ||spa||
041 _aESP
082 _a330.98
_bM86
100 _aMorón, Eduardo (ed.)
_eAUT
245 0 _aAmérica Latina:
_bel camino después de la crisis
260 _c2000
300 _a155 páginas :
_c21cm.
650 _aGEN
654 _aCAN
942 _cLIB
_dJUS
_fJUS
_2ddc
_n
999 _c4848
_d4848